| Tag |
First Indicator |
Second Indicator |
Subfields |
| LEADER |
00000cam a2200000 i 4500 |
| 001 |
in00004417607 |
| 005 |
20211018102250.0 |
| 008 |
201203t20212021ilua 000 p eng |
| 010 |
|
|
|a 2020051809
|
| 020 |
|
|
|a 9781728245072
|q paperback
|
| 020 |
|
|
|a 1728245079
|q paperback
|
| 020 |
|
|
|z 9781728245089
|q electronic publication
|
| 035 |
|
|
|a (OCoLC)on1203964283
|
| 040 |
|
|
|a DLC
|e rda
|c DLC
|d TXA
|d UtOrBLW
|
| 049 |
|
|
|a TXAM
|
| 050 |
0 |
0 |
|a PS3613.C49425
|b I25 2021
|
| 082 |
0 |
0 |
|a 811/.6
|2 23
|
| 100 |
1 |
|
|a McGowan, Martina,
|e author.
|0 http://id.loc.gov/authorities/names/n2020067769
|
| 245 |
1 |
0 |
|a I am the rage /
|c Dr. Martina McGowan ; illustrated by Diana Ejaita.
|
| 264 |
|
1 |
|a Naperville, Illinois :
|b Sourcebooks,
|c [2021]
|
| 264 |
|
4 |
|c ©2021
|
| 300 |
|
|
|a 95 pages :
|b illustrations ;
|c 19 cm.
|
| 336 |
|
|
|a text
|b txt
|2 rdacontent
|
| 337 |
|
|
|a unmediated
|b n
|2 rdamedia
|
| 338 |
|
|
|a volume
|b nc
|2 rdacarrier
|
| 520 |
|
|
|a I Am the Rage is a poetry collection that explores racial injustice from the raw, unfiltered viewpoint of a Black woman in America. Dr. Martina McGowan is a retired MD, a mother, and a poet. Her poetry provides insights that no think piece on racism can, putting readers in the uncomfortable position of feeling, reflecting and facing what it means to be a Black American. This entire collection was created during 2020, many shortly after the deaths of Breonna Taylor and George Floyd, to name but a few.
|
| 650 |
|
0 |
|a African Americans
|v Poetry.
|0 http://id.loc.gov/authorities/subjects/sh2007100202
|
| 650 |
|
0 |
|a Racism
|v Poetry.
|
| 650 |
|
0 |
|a Race relations
|v Poetry.
|
| 700 |
1 |
|
|a Ejaita, Diana,
|e illustrator.
|0 http://id.loc.gov/authorities/names/n2021019065
|
| 948 |
|
|
|a cataloged
|b h
|c 2021/9/02
|d c
|e dmitchel
|f 9:50:30 AM
|
| 994 |
|
|
|a C0
|b TXA
|
| 999 |
f |
f |
|s f5968e7c-13cf-3178-a3d5-de5353232762
|i dd9f98ef-88b8-36f9-984e-5acc77d47149
|t 0
|
| 952 |
f |
f |
|p normal
|a Texas A&M University
|b College Station
|c Sterling C. Evans Library
|d Evans: Weinbaum Poetry Collection (1st floor)
|t 0
|e PS3613.C49425 I25 2021
|h Library of Congress classification
|i unmediated -- volume
|m A14851230855
|
| 998 |
f |
f |
|a PS3613.C49425 I25 2021
|t 0
|l Evans: Weinbaum Poetry Collection (1st floor)
|